LEADER 01264nam a2200301 a 4500 001 000000121266 003 CaOOAMICUS 005 20100419115635.0 008 100419t2006 enk u000 u eng r 020 $a0-521-84278-6 040 $aPUL$bita$dReb 082 04$a320.5 100 1 $aWolfe, Christopher.$0(OLS)http://pul/name/75926 245 10$aNatural law liberalism /$cChristopher Wolfe. 260 $aCambridge :$bCambridge University Press,$c©2006. 300 $a269 p. ;$c23 cm 504 $aInclude riferimenti bibliografici ed indice. 650 4$aDiritto naturale.$0(OLS)http://pul/subject/1724 650 4$aFilosofia politica.$0(OLS)http://pul/subject/155 650 4$aLiberalismo (Politica).$0(OLS)http://pul/subject/17275 850 $aPUL 852 $aPUL$W1$xSL Diritto e Scienze Sociali 3$y79$m320. 5 WOLCH 1$j139043$qDDC 21$B138281$CPULBib$Z2$F138281 $H113387 $82 941 1 $a9 960 $aFilosofia della politica$9155 996 $6020$a0-521-84278-6$9(OLS)http://pul/number/143897 996 $6082$a320.5$9(OLS)http://pul/classification/449 996 $6245$aNatural law liberalism$9(OLS)http://pul/title/152539 996 $6260$aCambridge :$bCambridge University Press$9(OLS)http://pul/publisher/50125 LEADER 01451nam a2200289 a 4500 001 000000153817 003 CaOOAMICUS 005 20160913124118.0 008 160913s1998 fr u000 u fre r 032 $aLibriCat 040 $aPUL$bita 100 1 $aDanilov, Dmitri.$0(OLS)http://pul/name/97888 245 10$aDu découplage au recouplage : $bune nouvelle relation de sécurité entre la Russie et l'Europe occidentale ? /$cDmitriy Danilov et Stephan De Spiegeleire. 260 $aParis :$bInstitut d'Etudes de Sécurité Union de l'Europe occidentale,$c1998. 300 $aix, 54 p. ;$c24 cm. 490 1 $aCahier de Chaillot ;$v31 504 $aBibliografia in nota. 651 4$aRussia$zEuropa$xRelazioni estere.$0(OLS)http://pul/subject/25612 651 4$aEuropa$xRelazioni internazionali.$0(OLS)http://pul/subject/7391 700 1 $aDe Spiegeleire, Stephan.$0(OLS)http://pul/name/97889 830 0$aCahier de Chaillot ;$v31.$0(OLS)http://pul/title/193351 850 $aPUL 852 $aPUL$W1$xDP1 Fondo G. Barberini$y122$m4 B 57$j163271$qFondi$B179782$CPULBib$Z2$F179782 $HBar1097 $81 941 1 $a1 996 $6245$aDu découplage au recouplage : $bune nouvelle relation de sécurité entre la Russie et l'Europe occidentale ?$9(OLS)http://pul/title/193350 996 $6260$aParis :$bInstitut d'Etudes de Sécurité Union de l'Europe occidentale$9(OLS)http://pul/publisher/85299